banner koha

Nitrogen supply to arugula from pig slurry composts in contrasting soils (Registro n. 257860)

MARC details
000 -LÍDER
campo de controle de tamanho fixo 01048nas a2200349 4500
001 - NÚMERO DE CONTROLE
campo de controle BR2019001891
003 - IDENTIFICADOR DO NÚMERO DE CONTROLE
campo de controle BR-BrBNA
005 - DATA E HORÁRIO DA ÚLTIMA TRANSAÇÃO
campo de controle 20231205132007.0
007 - CAMPO FIXO DE DESCRIÇÃO FÍSICA--INFORMAÇÃO GERAL
campo de controle de tamanho fixo ta
008 - CAMPO DE DADOS FIXOS--INFORMAÇÃO GERAL
campo de controle de tamanho fixo 230509b bl.|||p| |||| 00| 00por d
040 ## - FONTE DA CATALOGAÇÃO
Instituição da catalogação original BR-BrBNA
Idioma da catalogação por
Instituição que transcreveu o registro Biblioteca Nacional de Agricultura
041 ## - CÓDIGO DE IDIOMA
Código do idioma do texto/trilha sonora ou título diferente (En)
072 ## - CÓDIGO DE CATEGORIA DE ASSUNTO
Código de Categoria de Assunto F04
100 1# - ENTRADA PRINCIPAL--NOME PESSOAL
Nome pessoal Monteiro, L.C.
100 1# - ENTRADA PRINCIPAL--NOME PESSOAL
Nome pessoal Aita, C.
100 1# - ENTRADA PRINCIPAL--NOME PESSOAL
Nome pessoal Schirmann, J.
100 1# - ENTRADA PRINCIPAL--NOME PESSOAL
Nome pessoal Pujol, S.B.
100 1# - ENTRADA PRINCIPAL--NOME PESSOAL
Nome pessoal Mezzalira, A.P.
100 1# - ENTRADA PRINCIPAL--NOME PESSOAL
Nome pessoal Paust, K. da S.
100 1# - ENTRADA PRINCIPAL--NOME PESSOAL
Nome pessoal Freiberg, C.M.
100 1# - ENTRADA PRINCIPAL--NOME PESSOAL
Nome pessoal GIacomini, D.A.
100 1# - ENTRADA PRINCIPAL--NOME PESSOAL
Nome pessoal Giacomini, S.J.
245 1# - TÍTULO
Título Nitrogen supply to arugula from pig slurry composts in contrasting soils
650 ## - ASSUNTO--TERMO TÓPICO
Cabeçalho tópico ou nome geográfico RÚCULA
650 ## - ASSUNTO--TERMO TÓPICO
Cabeçalho tópico ou nome geográfico ADUBO ORGÂNICO
650 ## - ASSUNTO--TERMO TÓPICO
Cabeçalho tópico ou nome geográfico COMPOSTAGEM
650 ## - ASSUNTO--TERMO TÓPICO
Cabeçalho tópico ou nome geográfico NITROGÊNIO
773 0# - ENTRADA ANALÍTICA
Título Horticultura Brasileira (Brazil)
ISSN - International Standard Serial Number ISSN 1806-9991
Partes relacionadas (Oct-Dec 2019), v. 37(4) p. 402-408
Número de controle do registro BR2019001891
856 40 - LOCALIZAÇÃO ELETRÔNICA E ACESSO
Uniform Resource Identifier <a href="http://www.scielo.br/pdf/hb/v37n4/1806-9991-hb-37-04-402.pdf">http://www.scielo.br/pdf/hb/v37n4/1806-9991-hb-37-04-402.pdf</a>
909 ## -
-- 202311
-- Lúcia
-- 55
-- Lúcia Elande
942 ## - ELEMENTOS DE ENTRADA ADICIONADOS (KOHA)
Fonte da classificação ou esquema de arquivamento na estante Classificação AGRIS
Ocultar no OPAC Não
Tipo de material Koha Analítica
Exemplares
Situação do descarte Fonte da classificação ou esquema de arquivamento na estante Situação física Não pode ser emprestado Biblioteca de origem Biblioteca atual Localização na estante Enumeração do periódico / cronologia Total de empréstimos Data de último acesso Número do exemplar Tipo de material Koha Fonte de aquisição
  Classificação AGRIS   Consulta local Biblioteca Nacional de Agricultura - Binagri Biblioteca Nacional de Agricultura - Binagri   (Oct-Dec 2019), v. 37(4) p. 402-408   29/11/2023 01 Periódicos Portaria Interministerial nº 164/94

BINAGRI

Telefone: (61)3218-2567/2388/3357/2097 - binagri@agro.gov.br

Ministério da Agricultura e Pecuária , Esplanada dos Ministérios, Bloco D, Anexo B, Brasília/DF, CEP: 70.043-900